[Event "Budapest FS09 FM"]
[Site "Budapest"]
[Date "2017.09.03"]
[Round "2"]
[White "Albi Bachini Conti, Silvia"]
[Black "Tancsa, Tamas"]
[Result "1/2-1/2"]
[WhiteElo "1836"]
[BlackElo "1930"]
[PlyCount "67"]
[EventDate "2017.09.02"]
[EventType "tourn"]
[EventRounds "10"]
[EventCountry "HUN"]
[SourceTitle "CBM 180 Extra"]
[Source "ChessBase"]
[SourceDate "2017.10.06"]
[SourceVersion "1"]
[SourceVersionDate "2017.10.06"]
[SourceQuality "1"]

1. e4 e5 2. Nf3 Nc6 3. Bb5 a6 4. Ba4 d6 5. c3 f5 6. exf5 Bxf5 7. 0-0 Bd3 8. Re1 Be7 9. Re3 e4 10. Nd4 Qd7 11. Nxc6 bxc6 12. Bc2 Bxc2 13. Qxc2 d5 14. d3 exd3 15. Qxd3 Nf6 16. Nd2 0-0 17. Nf3 Bc5 18. Re2 Rfe8 19. Be3 Bd6 20. Rae1 Rf8 21. h3 Nh5 22. Ng5 g6 23. c4 Bf4 24. Qd4 Qf5 25. Bxf4 Qxf4 26. Qxf4 Nxf4 27. Re7 h6 28. Ne6 Nd3 29. Re3 Rfe8 30. Rg7+ Kh8 31. Rxg6 Kh7 32. Rg7+ Kh8 33. Rg6 Kh7 34. Rg7+ 1/2-1/2

[Event "EU-ch U14 Girls 25th"]
[Site "Porec"]
[Date "2015.09.28"]
[Round "7"]
[White "Manova, Ivana"]
[Black "Albi Bachini Conti, Silvia"]
[Result "1-0"]
[WhiteElo "1629"]
[BlackElo "1826"]
[PlyCount "79"]
[EventDate "2015.09.21"]
[EventType "swiss"]
[EventRounds "9"]
[EventCountry "CRO"]
[SourceTitle "EXT 2016"]
[Source "ChessBase"]
[SourceDate "2015.10.08"]
[SourceVersion "1"]
[SourceVersionDate "2015.10.08"]
[SourceQuality "1"]

1. e4 d5 2. exd5 Qxd5 3. d4 Nc6 4. Nf3 Bg4 5. Be2 0-0-0 6. c4 Qh5 7. h3 Bxf3 8. Bxf3 Qg6 9. Be3 e5 10. d5 Nb4 11. Na3 Nd3+ 12. Ke2 e4 13. Bxe4 Nf4+ 14. Kf1 Qxe4 15. Qg4+ f5 16. Qxf4 Qd3+ 17. Kg1 a6 18. g3 h6 19. Kg2 Bd6 20. Rad1 Qxd1 21. Qxf5+ Kb8 22. Rxd1 Ne7 23. Qe4 Nc8 24. Bf4 Rhe8 25. Qd4 Bf8 26. Nc2 g5 27. Be5 Rd7 28. Ne1 Rde7 29. Nd3 b6 30. Nb4 Kb7 31. Nc6 Rf7 32. b4 Na7 33. Nxa7 Bxb4 34. Qb2 Kxa7 35. Qxb4 Rxe5 36. Rd2 Rd7 37. a4 Re8 38. c5 a5 39. Qb5 Red8 40. d6 1-0

[Event "EU-ch U14 Girls 25th"]
[Site "Porec"]
[Date "2015.09.27"]
[Round "6"]
[White "Albi Bachini Conti, Silvia"]
[Black "Shelepneva, Darya"]
[Result "1/2-1/2"]
[WhiteElo "1826"]
[BlackElo "1650"]
[PlyCount "104"]
[EventDate "2015.09.21"]
[EventType "swiss"]
[EventRounds "9"]
[EventCountry "CRO"]
[SourceTitle "EXT 2016"]
[Source "ChessBase"]
[SourceDate "2015.10.08"]
[SourceVersion "1"]
[SourceVersionDate "2015.10.08"]
[SourceQuality "1"]

1. e4 c5 2. c3 Nf6 3. e5 Nd5 4. d4 cxd4 5. cxd4 Nc6 6. Nf3 g6 7. Bc4 Nb6 8. Bb3 Bg7 9. 0-0 0-0 10. Re1 d6 11. e6 fxe6 12. Bxe6+ Bxe6 13. Rxe6 Qd7 14. Re1 d5 15. h3 Rac8 16. Nc3 Qf5 17. Be3 Nc4 18. Qe2 Nb4 19. Rad1 Nc2 20. Nh4 Qf6 21. Qxc2 Qxh4 22. Qe2 e6 23. Na4 b6 24. b3 Nd6 25. f3 Rfe8 26. Bf2 Qg5 27. h4 Qf6 28. g3 Nf5 29. Qd3 Rc7 30. Kg2 Rec8 31. Kh3 Rc2 32. Re2 Rxe2 33. Qxe2 Rc7 34. Rd3 Kh8 35. g4 Nd6 36. Bg3 Rd7 37. Nc3 Nf7 38. Re3 Nd8 39. Be5 Qf7 40. Bxg7+ Kxg7 41. Qh2 Nc6 42. Ne2 Qf6 43. g5 Qf5+ 44. Kg2 Kf7 45. Rc3 Nb4 46. Rc7 Ke7 47. Rxd7+ Kxd7 48. Qb8 Nc6 49. Qb7+ Kd6 50. Qg7 Qc2 51. Qf8+ Kd7 52. Qf7+ Kd6 1/2-1/2

[Event "EU-ch U14 Girls 25th"]
[Site "Porec"]
[Date "2015.09.25"]
[Round "5"]
[White "Vidmar, Klara"]
[Black "Albi Bachini Conti, Silvia"]
[Result "1/2-1/2"]
[WhiteElo "1581"]
[BlackElo "1826"]
[PlyCount "72"]
[EventDate "2015.09.21"]
[EventType "swiss"]
[EventRounds "9"]
[EventCountry "CRO"]
[SourceTitle "EXT 2016"]
[Source "ChessBase"]
[SourceDate "2015.10.08"]
[SourceVersion "1"]
[SourceVersionDate "2015.10.08"]
[SourceQuality "1"]

1. e4 d5 2. exd5 Qxd5 3. Nc3 Qa5 4. d4 c6 5. Nf3 Nf6 6. Bd2 Bf5 7. Bc4 e6 8. 0-0 Nbd7 9. Re1 Qc7 10. Bb3 Bd6 11. h3 0-0 12. Nh4 Bg6 13. Nxg6 hxg6 14. Qe2 b5 15. Ne4 Nxe4 16. Qxe4 Nf6 17. Qh4 a5 18. a3 a4 19. Ba2 Rad8 20. Bg5 Be7 21. c3 Rd7 22. Bb1 c5 23. dxc5 Qxc5 24. Ba2 Rfd8 25. Rxe6 Rd1+ 26. Re1 Rxa1 27. Rxa1 Qe5 28. Qf4 Qe2 29. Qc1 Bc5 30. Be3 Bxe3 31. Qxe3 Qxb2 32. Qc1 Rd2 33. Qxb2 Rxb2 34. c4 Ne4 35. cxb5 Rxb5 36. Re1 Nd6 1/2-1/2

[Event "ITA-ch U16"]
[Site "Montesilvano"]
[Date "2015.07.03"]
[Round "7"]
[White "Giovagnetti, Chiara"]
[Black "Albi Bachini Conti, Silvia"]
[Result "1/2-1/2"]
[WhiteElo "1571"]
[BlackElo "1724"]
[PlyCount "90"]
[EventDate "2015.06.29"]
[EventType "swiss"]
[EventRounds "9"]
[EventCountry "ITA"]
[SourceTitle "EXT 2024"]
[Source "ChessBase"]
[SourceDate "2023.10.10"]
[SourceVersion "1"]
[SourceVersionDate "2023.10.10"]
[SourceQuality "1"]

1. e4 d5 2. exd5 Qxd5 3. Nc3 Qa5 4. d4 c6 5. Nf3 Nf6 6. Bc4 Bf5 7. 0-0 e6 8. a3 Bd6 9. Bg5 Nbd7 10. Re1 0-0 11. Qe2 Bg4 12. Bxf6 Nxf6 13. h3 Bh5 14. Ne4 Nxe4 15. Qxe4 Bg6 16. Qe2 Rfd8 17. Nh4 Bh5 18. Qe4 Be7 19. c3 Bf6 20. Be2 Bxe2 21. Rxe2 Qb5 22. Nf3 Rac8 23. Ne5 Qa6 24. f4 c5 25. dxc5 Rxc5 26. Nf3 Rc4 27. Qe3 Rxf4 28. Rd2 Rxd2 29. Qxd2 Qb6+ 30. Kh1 Qc7 31. Rd1 h6 32. Qd7 Qb8 33. Qd3 Rf5 34. Qd7 Rc5 35. Qa4 Rc6 36. Rd2 a6 37. Qe4 Qc7 38. Qe1 Rc4 39. Qd1 Qb6 40. Qe2 Rc7 41. Qd1 Qb5 42. Rd8+ Kh7 43. Rd2 g6 44. Qe1 Kg7 45. Kg1 Rd7 1/2-1/2

[Event "ITA-ch U16"]
[Site "Montesilvano"]
[Date "2015.07.02"]
[Round "5"]
[White "Vecchione, Anna Pia"]
[Black "Albi Bachini Conti, Silvia"]
[Result "0-1"]
[WhiteElo "1722"]
[BlackElo "1724"]
[PlyCount "125"]
[EventDate "2015.06.29"]
[EventType "swiss"]
[EventRounds "9"]
[EventCountry "ITA"]
[SourceTitle "EXT 2024"]
[Source "ChessBase"]
[SourceDate "2023.10.10"]
[SourceVersion "1"]
[SourceVersionDate "2023.10.10"]
[SourceQuality "1"]

1. e4 d5 2. exd5 Qxd5 3. Nf3 Nf6 4. d4 Bg4 5. Be2 c6 6. c4 Qa5+ 7. Nc3 e6 8. 0-0 Bb4 9. Bd2 0-0 10. Qb3 Bxc3 11. Bxc3 Qc7 12. Rac1 Nbd7 13. Rfe1 a5 14. a4 Ne4 15. Bd1 Nxc3 16. Qxc3 Nf6 17. Bc2 Qf4 18. Qe3 Qxe3 19. fxe3 Rfd8 20. h3 Bh5 21. Ne5 Rac8 22. g4 Bg6 23. Nxg6 hxg6 24. Red1 Rc7 25. g5 Ne8 26. c5 Rcd7 27. Rd2 Nc7 28. Rcd1 Na6 29. Bb1 Nxc5 30. Bc2 e5 31. Kf2 Ne6 32. h4 exd4 33. exd4 Rxd4 34. Rxd4 Nxd4 35. Rd2 Rd5 36. Bb1 Kf8 37. Rd3 c5 38. Ke3 Nf5+ 39. Ke4 Rxd3 40. Bxd3 Ke7 41. Kd5 Nxh4 42. Be2 Kd7 43. Kxc5 Kc7 44. Kd5 Nf5 45. Bd3 b6 46. Kc4 Ne3+ 47. Kd4 Nd1 48. b3 Kd6 49. Be2 Nf2 50. Bf1 f6 51. Bg2 Ng4 52. Bf3 Ne5 53. Bg2 Nf7 54. Kc4 Ne5+ 55. Kd4 f5 56. Bh1 f4 57. Ke4 f3 58. Kd4 f2 59. Bg2 Ng4 60. Kc3 Nh2 61. Kc4 f1Q+ 62. Bxf1 Nxf1 63. Kd4 0-1

[Event "ITA-ch U14 Girls"]
[Site "Tarvisio"]
[Date "2014.07.01"]
[Round "4"]
[White "Scarpa, Silvia"]
[Black "Albi Bachini Conti, Silvia"]
[Result "1-0"]
[WhiteElo "1806"]
[BlackElo "1585"]
[PlyCount "87"]
[EventDate "2014.06.29"]
[EventType "swiss"]
[EventRounds "9"]
[EventCountry "ITA"]
[SourceTitle "EXT 2015"]
[Source "ChessBase"]
[SourceDate "2014.11.20"]
[SourceVersion "1"]
[SourceVersionDate "2014.11.20"]
[SourceQuality "1"]

1. e4 d5 2. exd5 Qxd5 3. Nf3 Nf6 4. d4 c6 5. Be2 Bf5 6. c4 Qa5+ 7. Bd2 Qc7 8. Nc3 e6 9. 0-0 Bd6 10. Rc1 0-0 11. Bg5 Bf4 12. Bxf4 Qxf4 13. Ne5 Rd8 14. Qb3 Nbd7 15. Qxb7 Nxe5 16. dxe5 Qxe5 17. Qxc6 Rac8 18. Qa4 Rc7 19. Rfe1 Qc5 20. Rcd1 Rb8 21. b4 Qe7 22. Nb5 Rd7 23. Rxd7 Qxd7 24. Rd1 Qe8 25. Qxa7 Ra8 26. Qc7 Rc8 27. Qf4 Qe7 28. a3 Bc2 29. Rd2 Ba4 30. Nc3 Bc6 31. Qe3 Qb7 32. f3 h6 33. b5 Be8 34. c5 Nd5 35. Nxd5 exd5 36. c6 Qc7 37. Rc2 Qa5 38. Qc3 Qb6+ 39. Kf1 Rc7 40. Qc5 Qxc5 41. Rxc5 Kf8 42. Rxd5 Ke7 43. Rc5 Kd8 44. Bd3 1-0

[Event "Agneaux St Lo op U1400 14th"]
[Site "Agneaux"]
[Date "2012.07.13"]
[Round "8"]
[White "Albi Bachini Conti, Silvia"]
[Black "Van Rooden, Sarah"]
[Result "0-1"]
[WhiteElo "1301"]
[BlackElo "1128"]
[PlyCount "76"]
[EventDate "2012.07.07"]
[EventType "swiss"]
[EventRounds "9"]
[EventCountry "FRA"]
[SourceTitle "EXT 2013"]
[Source "ChessBase"]
[SourceDate "2012.11.22"]
[SourceVersion "1"]
[SourceVersionDate "2012.11.22"]
[SourceQuality "1"]

1. d4 d5 2. Nf3 Nc6 3. c4 Nf6 4. cxd5 Nxd5 5. e4 Nf6 6. Nc3 Bg4 7. Bb5 a6 8. Bxc6+ bxc6 9. e5 Nd5 10. Nxd5 Qxd5 11. Be3 Rb8 12. h3 Bxf3 13. Qxf3 Qxf3 14. gxf3 Rxb2 15. Rc1 Rxa2 16. Rxc6 Ra1+ 17. Rc1 Rxc1+ 18. Bxc1 e6 19. 0-0 Bb4 20. Rd1 0-0 21. d5 Rd8 22. d6 cxd6 23. Bg5 Rd7 24. f4 h6 25. Bh4 a5 26. Rb1 dxe5 27. fxe5 Rd5 28. f4 Rd4 29. Bg3 Bc5 30. Bf2 Rc4 31. Bxc5 Rxc5 32. Ra1 Kh7 33. Kg2 Kg6 34. Kg3 Kf5 35. Ra4 Rc3+ 36. Kh4 g5+ 37. fxg5 hxg5+ 38. Kh5 Rxh3+ 0-1